Lyrics erraten (2010er) #6 - Statistiken

Allgemein
  • Dieses Quiz wurde 359 mal gespielt
  • Das Durchschnittsergebnis liegt bei 115 aus 269
Antwortstatistiken
Antwort % Korrekt
Ich
96%
du
94%
Wir
82%
das
78%
Es
75%
war
72%
ist
71%
den
67%
Und
65%
Wie
64%
so
58%
zu
58%
an
57%
An
57%
Bis
57%
uns
57%
Für
55%
dich
54%
eine
54%
mir
53%
was
52%
nicht
50%
bist
49%
Bist
49%
in
49%
In
49%
mein
49%
um
47%
alle
46%
leben
46%
Leben
46%
dem
43%
einen
42%
Mit
42%
Tag
41%
Dass
40%
Zeit
40%
Denn
37%
waren
37%
von
36%
Bei
35%
nach
34%
geboren
33%
Geboren
33%
hast
32%
jeder
32%
noch
32%
Ohne
31%
Augenblick
30%
sehe
30%
Ewigkeit
29%
alles
28%
denk
28%
Jeden
28%
jeden
28%
schwer
27%
vor
26%
wertvoll
26%
vergessen
25%
fällt
24%
geben
24%
Wundern
24%
jener
23%
mehr
23%
niemals
23%
oft
23%
Sich
23%
tut
23%
gehst
22%
meiner
22%
Wieder
22%
wieder
22%
gezeigt
20%
denke
19%
spürte
19%
Zurück
19%
diesem
18%
Einfach
17%
weh
17%
Seite
16%
stell
16%
Träume
16%
vieles
16%
jedem
15%
Wege
15%
Wunsch
15%
geliebten
14%
nah
14%
Vergangenen
14%
stehst
13%
erlauben
11%
schauen
11%
seitdem
11%
Zukunft
11%
Neues
10%
vorn
10%
Etwas
9%
neuen
9%
zuzulassen
9%
Gefühl
8%
Reue
8%
gutem
7%
schaffen
7%
Sinn
7%
Platz
6%
Keine übereinstimmenden Quizze gefunden
Verteilung der Resultate
Anzahl Personen mit jedem Resultat
Perzentil nach korrekt beantworteten Fragen
Ihre Resultats-Entwicklung
Sie haben dieses Quiz noch nicht gespielt